| 000 | 00598nam a2200181Ia 4500 | ||
|---|---|---|---|
| 008 | 100920s9999 xx 000 0 und d | ||
| 082 |
_b100004 _a891.463.1 न 07 |
||
| 100 | _aऔरंगाबादकर अनुराधा. | ||
| 245 | _aहास्यकळ्या. | ||
| 260 |
_bश्रीकल्प प्रकाशन मुंबई. _c2007 |
||
| 300 |
_a152 _bसाधी |
||
| 365 | _b150 | ||
| 520 | _aलघुकथा. | ||
| 630 | _aहास्यकळ्या. | ||
| 650 | _aलघुकथा. | ||
| 730 | _aहास्यकळ्या. | ||
| 942 | _cBOOK | ||
| 999 |
_c740442 _d740439 |
||